Les rappeurs de A à Z - Statistiques

Statistiques générales
  • Ce quiz a été pris 5 465 fois
  • Le résultat moyen est 13 sur 26
Statistiques - réponses
Lettre Indice Rappeur % Correct
B Il s'appelle Élie Yaffa et est le fondateur du 92i Booba
92%
D Rappeur belge ayant sorti les albums "Batterie Faible" et "QALF" Damso
91%
G Chanteur et rappeur congolais membre de Sexion d'Assaut Gims
90%
J Avec 4 millions d'albums vendus en 2020, il devient le plus gros vendeur de disque du rap français JuL
86%
H Acteur principal de la série "Validé" réalisée par Franck Gastambide Hatik
74%
E Rappeur ayant vendu le plus de disque de l'histoire Eminem
70%
O Rappeur originaire du Normandie qui partage son nom de famille avec une péninsule normande Orelsan
69%
R Membre de la Mafia K'1 Fry et auteur du titre "Air Max" en collaboration avec Ninho Rim'K
69%
Z Il partage son nom avec un écrivain français du 19ème siècle Zola
69%
K Rappeur d'Évry popularisé par sa série de freestyle "Ténébreux" Koba LaD
65%
F Rappeur franco sénégalais fondateur du collectif 667 Freeze Corleone
64%
A Membre emblématique du groupe IAM Akhenaton
62%
V Figure majeure du Troll Rap, auteur des albums "Agartha" et "XEU" Vald
57%
P Figure majeure de la drill New-Yorkaise assassiné à Los Angeles en 2020 Pop Smoke
54%
Q Cousin de Offset et oncle de Takeoff Quavo
46%
W Membre fondateur du groupe hip-hop électronique The Black Eyed Peas Will.i.am
40%
X Il s'appelle Jahseh Onfroy et est l'artiste le plus suivi sur SoundCloud XXXTentacion
40%
T Rappeur originaire de Houston qui créé le label "Cactus Jack Records" en 2017 Travis Scott
38%
M Il décède en septembre 2018 suite à une overdose au fentanyl Mac Miller
33%
N Légende du rap New-Yorkais auteur de l'album "Illmatic" Nas
29%
I Rappeur californien qui joue le rôle de "Doughboy" dans le film Boyz n the Hood Ice Cube
25%
C Premier rappeur à avoir popularisé la drill en 2011 alors âgé de 16 ans Chief Keef
21%
Y Rappeur d'Atlanta auteur des albums "Barter 6" et "So Much Fun" Young Thug
19%
L Membre de Cash Money Records considéré comme "le père" de la nouvelle génération Lil Wayne
16%
U Rappeur parisien, son nom ressemble à une race de chien Usky
15%
S Rappeur britannique, il accompagne Aya Nakamura sur le titre "Plus Jamais" Stormzy
12%
Aucun quiz correspondant
Distribution des résultats
% des personnes avec chaque résultat
Percentile par nombre de réponses
Votre historique - résultats
Vous n’avez pas pris ce quiz